000 00383 a2200121 4500
001 ART_17933
005 20260410161924.0
008 260409a
245 1 0 _aSubstitution vs. addiction in the true index of real wages
100 1 _aPhlips, Louis
700 1 _aPieraerts, Pierre
773 0 _tThe American Economic Review
_g- Vol. 69, NÂș 5 (dic. 1979)
_wREV16190
999 _c27979
_d27979